LEADER 02068nam 2200481 a 450 001 9910700909303321 005 20111115165250.0 035 $a(CKB)5470000002413938 035 $a(OCoLC)761094779 035 $a(EXLCZ)995470000002413938 100 $a20111115d2004 ua 0 101 0 $aeng 135 $aurbn||||||||| 181 $ctxt$2rdacontent 182 $cc$2rdamedia 183 $acr$2rdacarrier 200 00$aTidal Constituent And Residual Interpolation (TCARI)$b[electronic resource] $ea new method for the tidal correction of bathymetric data /$fKurt Hess ... [and others] 205 $aRev. June 2004. 210 1$a[Silver Spring, Md.] :$cU.S. Dept. of Commerce, National Oceanic and Atmospheric Administration, National Ocean Service, Office of Coast Survey, Coast Survey Development Laboratory,$d[2004] 215 $a1 online resource (xii, 100 pages) $cillustrations, maps 225 1 $aNOAA technical report NOS CS ;$v4 300 $aTitle from PDF title screen (viewed Nov. 2, 2011). 300 $a"July 1999." 320 $aIncludes bibliographical references. 517 $aTidal Constituent And Residual Interpolation 606 $aWater levels$zUnited States$xMeasurement$xMethodology 606 $aWater levels$zUnited States$xForecasting$xMethodology 606 $aTidal currents$zUnited States$xMeasurement$xMethodology 606 $aTidal currents$zUnited States$xForecasting$xMethodology 606 $aHydrographic surveying$zUnited States$xMethodology 615 0$aWater levels$xMeasurement$xMethodology. 615 0$aWater levels$xForecasting$xMethodology. 615 0$aTidal currents$xMeasurement$xMethodology. 615 0$aTidal currents$xForecasting$xMethodology. 615 0$aHydrographic surveying$xMethodology. 701 $aHess$b Kurt W$01396315 712 02$aCoast Survey Development Laboratory (U.S.) 801 0$bGPO 801 1$bGPO 906 $aBOOK 912 $a9910700909303321 996 $aTidal Constituent And Residual Interpolation (TCARI)$93475385 997 $aUNINA